Music Quiz

Random Music or Song Quiz

Foursomes from Sets (Music) Quiz Stats

 Plays Quiz Updated Oct 18, 2016

Challenge
Share
Tweet
Score 0/120 Timer 12:00
10 Plays Today
% Correct
Column 1Billy Joel - Uptown Girl
87.2%
Column 2Billy Joel - Uptown Girl
87.2%
Column 3Billy Joel - Uptown Girl
87.2%
Column 4Billy Joel - Uptown Girl
87.2%
Column 1KISS - Detroit Rock City
85.9%
Column 2KISS - Detroit Rock City
85.9%
Column 3KISS - Detroit Rock City
85.9%
Column 4KISS - Detroit Rock City
85.9%
Column 1Alice Cooper - School's Out
85.4%
Column 2Alice Cooper - School's Out
85.4%
Column 3Alice Cooper - School's Out
85.4%
Column 4Alice Cooper - School's Out
85.4%
Column 1The Beach Boys - Kokomo
85.4%
Column 2The Beach Boys - Kokomo
85.4%
Column 3The Beach Boys - Kokomo
85.4%
Column 4The Beach Boys - Kokomo
85.4%
Column 1Prince - When Doves Cry
77.5%
Column 2Prince - When Doves Cry
77.5%
Column 3Prince - When Doves Cry
77.5%
Column 4Prince - When Doves Cry
77.5%
Column 1The Monkees - Daydream Believer
75.4%
Column 2The Monkees - Daydream Believer
75.4%
Column 3The Monkees - Daydream Believer
75.4%
Column 4The Monkees - Daydream Believer
75.4%
Column 1Europe - The Final Countdown
74.3%
Column 2Europe - The Final Countdown
74.3%
Column 3Europe - The Final Countdown
74.3%
Column 4Europe - The Final Countdown
74.3%
Column 1David Bowie - Space Oddity
72.2%
Column 2David Bowie - Space Oddity
72.2%
Column 3David Bowie - Space Oddity
72.2%
Column 4David Bowie - Space Oddity
72.2%
Column 1Ozzy Osbourne - Crazy Train
68.7%
Column 2Ozzy Osbourne - Crazy Train
68.7%
Column 3Ozzy Osbourne - Crazy Train
68.7%
Column 4Ozzy Osbourne - Crazy Train
68.7%
Column 1Falco - Rock Me Amadeus
67.2%
Column 2Falco - Rock Me Amadeus
67.2%
Column 3Falco - Rock Me Amadeus
67.2%
Column 4Falco - Rock Me Amadeus
67.2%
% Correct
Column 1Queen - Somebody to Love
64.6%
Column 2Queen - Somebody to Love
64.6%
Column 3Queen - Somebody to Love
64.6%
Column 4Queen - Somebody to Love
64.6%
Column 1Yeah Yeah Yeahs - Maps
63.3%
Column 2Yeah Yeah Yeahs - Maps
63.3%
Column 3Yeah Yeah Yeahs - Maps
63.3%
Column 4Yeah Yeah Yeahs - Maps
63.3%
Column 1The Temptations - My Girl
62.8%
Column 2The Temptations - My Girl
62.8%
Column 3The Temptations - My Girl
62.8%
Column 4The Temptations - My Girl
62.8%
Column 1Nirvana - Heart Shaped Box
59.2%
Column 2Nirvana - Heart Shaped Box
59.2%
Column 3Nirvana - Heart Shaped Box
59.2%
Column 4Nirvana - Heart Shaped Box
59.2%
Column 1Naughty by Nature - O.P.P.
58.8%
Column 2Naughty by Nature - O.P.P.
58.8%
Column 3Naughty by Nature - O.P.P.
58.8%
Column 4Naughty by Nature - O.P.P.
58.8%
Column 1Rod Stewart - Forever Young
58.1%
Column 2Rod Stewart - Forever Young
58.1%
Column 3Rod Stewart - Forever Young
58.1%
Column 4Rod Stewart - Forever Young
58.1%
Column 1Lenny Kravitz - Fly Away
55.8%
Column 2Lenny Kravitz - Fly Away
55.8%
Column 3Lenny Kravitz - Fly Away
55.8%
Column 4Lenny Kravitz - Fly Away
55.8%
Column 1Elvis Presley - Burning Love
54.3%
Column 2Elvis Presley - Burning Love
54.3%
Column 3Elvis Presley - Burning Love
54.3%
Column 4Elvis Presley - Burning Love
54.3%
Column 1Eagles - Take It Easy
49.5%
Column 2Eagles - Take It Easy
49.5%
Column 3Eagles - Take It Easy
49.5%
Column 4Eagles - Take It Easy
49.5%
Column 1Michael Jackson - Human Nature
49.5%
Column 2Michael Jackson - Human Nature
49.5%
Column 3Michael Jackson - Human Nature
49.5%
Column 4Michael Jackson - Human Nature
49.5%
% Correct
Column 1Blind Melon - No Rain
49.2%
Column 2Blind Melon - No Rain
49.2%
Column 3Blind Melon - No Rain
49.2%
Column 4Blind Melon - No Rain
49.2%
Column 1Fatboy Slim - Praise You
47.7%
Column 2Fatboy Slim - Praise You
47.7%
Column 3Fatboy Slim - Praise You
47.7%
Column 4Fatboy Slim - Praise You
47.7%
Column 1Coldplay - Speed of Sound
40.6%
Column 2Coldplay - Speed of Sound
40.6%
Column 3Coldplay - Speed of Sound
40.6%
Column 4Coldplay - Speed of Sound
40.6%
Column 1Eminem - Like Toy Soldiers
37%
Column 2Eminem - Like Toy Soldiers
37%
Column 3Eminem - Like Toy Soldiers
37%
Column 4Eminem - Like Toy Soldiers
37%
Column 1Neil Young - Old Man
33.8%
Column 2Neil Young - Old Man
33.8%
Column 3Neil Young - Old Man
33.8%
Column 4Neil Young - Old Man
33.8%
Column 1Boston - Peace of Mind
31.3%
Column 2Boston - Peace of Mind
31.3%
Column 3Boston - Peace of Mind
31.3%
Column 4Boston - Peace of Mind
31.3%
Column 1DeVotchka - How It Ends
20.1%
Column 2DeVotchka - How It Ends
20.1%
Column 3DeVotchka - How It Ends
20.1%
Column 4DeVotchka - How It Ends
20.1%
Column 1Gorillaz - On Melancholy Hill
18.3%
Column 2Gorillaz - On Melancholy Hill
18.3%
Column 3Gorillaz - On Melancholy Hill
18.3%
Column 4Gorillaz - On Melancholy Hill
18.3%
Column 1Andrew Bird - Oh No
13.6%
Column 2Andrew Bird - Oh No
13.6%
Column 3Andrew Bird - Oh No
13.6%
Column 4Andrew Bird - Oh No
13.6%
Column 1Cat Power - He War
11.2%
Column 2Cat Power - He War
11.2%
Column 3Cat Power - He War
11.2%
Column 4Cat Power - He War
11.2%

You're not logged in!

Compare scores with friends on all Sporcle quizzes.
Join for Free
OR
Log In

You Might Also Like...

Show Comments

Extras

Top Quizzes Today


Score Distribution

Your Account Isn't Verified!

In order to create a playlist on Sporcle, you need to verify the email address you used during registration. Go to your Sporcle Settings to finish the process.

Report this User

Report this user for behavior that violates our Community Guidelines.

Details: